Pays du golfe Persique - Statistiques

Statistiques générales
  • Ce quiz a été pris 138 fois
  • Le résultat moyen est 7 sur 8
Statistiques - réponses
Réponse % Correct
Iran
94%
Irak
91%
Émirats arabes unis
88%
Arabie Saoudite
86%
Oman
86%
Koweït
83%
Bahreïn
79%
Qatar
77%
Aucun quiz correspondant
Distribution des résultats
% des personnes avec chaque résultat
Percentile par nombre de réponses
Votre historique - résultats
Vous n’avez pas pris ce quiz